Numbers In Swahili - Statistics

General Stats
  • This quiz has been taken 101 times
  • The average score is 17 of 28
Answer Stats
# Answer % Correct
1 Moja
97%
2 Mbili
95%
3 Tatu
92%
4 Nne
90%
6 Sita
88%
10 Kumi
86%
7 Saba
86%
5 Tano
86%
11 Kumi na moja
81%
12 Kumi na mbili
78%
8 Nane
78%
9 Tisa
78%
15 Kumi na tano
76%
13 Kumi na tatu
76%
14 Kumi na nne
75%
20 Ishirini
64%
100 Mia
49%
50 Hamsini
46%
60 Sitini
44%
30 Thelathini
44%
70 Sabini
42%
90 Tisini
42%
40 Arobaini
37%
1000 Elfu
36%
80 Themanini
31%
1,000,000 Milioni
20%
Once Mara moja
12%
Twice Mara mbili
10%
No matching quizzes found
Score Distribution
Percent of People with Each Score
Percentile by Number Answered
Your Score History
You have not taken this quiz